000 00461nam a2200169Ia 4500
999 _c4705
_d4705
020 _a1-4039-4254-4
082 _a320.014 RAW-P
100 _aRawnsley, Gary D.
245 0 _aPolitical communication and Democracy
260 _aHampshire
_bPalgrave Macmillan
_c2005
300 _axii, 239
504 _aincludes bibliographical references and index
650 _aCommunication in politics
650 _aDemocracy
650 _aPolitical Science
942 _cBK